Connexion 1 - Statistiques

Statistiques générales
  • Ce quiz a été pris 16 fois
  • Le résultat moyen est 26 sur 64
Statistiques - réponses
Question Tuile Select % Correct
Catégorie jaune Arts Non
93%
Catégorie jaune Gard Non
93%
Catégorie jaune Invalides Non
93%
Catégorie jaune Manteau Non
93%
Catégorie jaune Soupirs Non
93%
Catégorie jaune Marine Non
86%
Catégorie jaune Roi Non
86%
Catégorie jaune Ciel Non
79%
Catégorie jaune Croute Non
71%
Catégorie jaune Canard Non
64%
Catégorie jaune Noyau Non
64%
Catégorie verte Graine Non
57%
Catégorie verte Choc Non
50%
Catégorie verte Gard Non
50%
Catégorie jaune Graine Non
50%
Catégorie verte Imprévu Non
50%
Catégorie verte Incident Non
50%
Catégorie bleue Marine Non
50%
Catégorie jaune Pépin Oui
50%
Catégorie verte Soupirs Non
50%
Catégorie verte Arts Non
43%
Catégorie bleue Canard Non
43%
Catégorie bleue Choc Non
43%
Catégorie violette Ciel Non
43%
Catégorie verte Croute Non
43%
Catégorie bleue Gard Non
43%
Catégorie bleue Imprévu Non
43%
Catégorie bleue Incident Non
43%
Catégorie verte Invalides Non
43%
Catégorie bleue Invalides Non
43%
Catégorie verte Noyau Non
43%
Catégorie verte Pépin Non
43%
Catégorie bleue Pépin Non
43%
Catégorie bleue Roi Non
43%
Catégorie bleue Soupirs Non
43%
Catégorie bleue Arts Non
36%
Catégorie violette Canard Non
36%
Catégorie violette Imprévu Non
36%
Catégorie violette Incident Non
36%
Catégorie violette Manteau Non
36%
Catégorie violette Noyau Non
36%
Catégorie violette Pépin Non
36%
Catégorie violette Roi Non
36%
Catégorie violette Croute Non
29%
Catégorie verte Manteau Non
29%
Catégorie violette Marine Non
29%
Catégorie violette Choc Non
21%
Catégorie verte Ciel Oui
21%
Catégorie bleue Ciel Non
21%
Catégorie violette Graine Non
21%
Catégorie verte Canard Oui
14%
Catégorie bleue Manteau Oui
14%
Catégorie violette Soupirs Oui
14%
Catégorie jaune Choc Oui
7%
Catégorie bleue Croute Oui
7%
Catégorie violette Gard Oui
7%
Catégorie jaune Imprévu Oui
7%
Catégorie jaune Incident Oui
7%
Catégorie verte Marine Oui
7%
Catégorie bleue Noyau Oui
7%
Catégorie verte Roi Oui
7%
Catégorie violette Arts Oui
0%
Catégorie bleue Graine Oui
0%
Catégorie violette Invalides Oui
0%
Aucun quiz correspondant
Distribution des résultats
% des personnes avec chaque résultat
Percentile par nombre de réponses
Votre historique - résultats
Vous n’avez pas pris ce quiz